Mapa del Caribe / Antillas Menores - Estadísticas

Estadísticas generales
  • Esta prueba ha sido intentada 7.990 veces
  • La puntuación promedio es 8 de 19
Respuestas en el mapa
Las respuestas están codificadas por una escala verde-roja en el mapa de la prueba según el % correcto abajo.
 
Estadísticas de respuestas
Respuesta % Correcto
Trinidad y Tobago
81%
Barbados
56%
Aruba (Países Bajos)
53%
San Vicente y las
Granadinas
52%
Bonaire (Países Bajos)
51%
Antigua y Barbuda
49%
Granada
48%
Curazao (Países Bajos)
47%
Dominica
46%
Santa Lucía
46%
Islas Vírgenes Americanas
45%
San Cristóbal y Nieves
38%
Guadelupe (Francia)
37%
Islas Vírgenes Británicas
37%
Martinica (Francia)
30%
Anguila (Reino Unido)
29%
Montserrat (Reino Unido)
27%
San Martin
(Francia/Países Bajos)
23%
San Bartolome (Francia)
18%
No se encontraron pruebas coincidentes
Distribución de puntuación
Porcentaje de gente con cada puntuación
Porcentaje por número respondido
Historial de tus puntuaciones
No has intentado esta prueba.